|
|
|
|
| LEADER |
01607nam a2200397 4500 |
| 001 |
ocn812607458 |
| 003 |
OCoLC |
| 005 |
20180501122003.0 |
| 006 |
m o d |
| 007 |
cr cnu---unuuu |
| 008 |
121012s1982 xx of 001 0 eng d |
| 040 |
|
|
|a OPELS
|b eng
|e pn
|c OPELS
|d OCLCQ
|d OCLCF
|d OCL
|d OCLCQ
|d DEBBG
|d OCLCA
|d GrThAP
|
| 020 |
|
|
|a 0444863753
|q (electronic bk.)
|
| 020 |
|
|
|a 9780444863751
|q (electronic bk.)
|
| 035 |
|
|
|a (OCoLC)812607458
|
| 050 |
|
4 |
|a QD172.R2
|b H36 v.5
|
| 082 |
0 |
4 |
|a 546/.41
|2 23
|
| 049 |
|
|
|a TEFA
|
| 245 |
0 |
0 |
|a Handbook on the physics and chemistry of rare earths.
|n Volume 5 /
|c edited by Karl A. Gschneidner and LeRoy Eyring.
|
| 260 |
|
|
|a [Place of publication not identified] :
|b North Holland,
|c 1982.
|
| 300 |
|
|
|a 1 online resource.
|
| 336 |
|
|
|a text
|b txt
|2 rdacontent
|
| 337 |
|
|
|a computer
|b c
|2 rdamedia
|
| 338 |
|
|
|a online resource
|b cr
|2 rdacarrier
|
| 490 |
0 |
|
|a Handbook on the physics and chemistry of rare earths ;
|v v. 5
|
| 500 |
|
|
|a Includes index.
|
| 500 |
|
|
|a Title from publisher information (ScienceDirect; viewed on Oct. 12, 2012).
|
| 650 |
|
0 |
|a Rare earths
|v Handbooks, manuals, etc.
|
| 650 |
|
0 |
|a Rare earth metal compounds
|v Handbooks, manuals, etc.
|
| 650 |
|
7 |
|a Rare earth metal compounds.
|2 fast
|0 (OCoLC)fst01090138
|
| 650 |
|
7 |
|a Rare earths.
|2 fast
|0 (OCoLC)fst01090160
|
| 655 |
|
4 |
|a Electronic books.
|
| 655 |
|
7 |
|a Handbooks and manuals.
|2 fast
|0 (OCoLC)fst01423877
|
| 700 |
1 |
|
|a Gschneidner, Karl A.,
|c Jr.,
|d 1930-2016.
|
| 700 |
1 |
|
|a Eyring, LeRoy.
|
| 856 |
4 |
0 |
|u https://www.sciencedirect.com/science/handbooks/01681273/5
|z Full Text via HEAL-Link
|